000 00681nam a2200217 4500
001 126079
003 ES-MaACL
005 20250829115453.0
007 t|
008 070214s1913 fr r ||||1| fre d
100 1 _aReinach, Joseph.
_996038
245 1 3 _aLa loi militaire
_b: fixité des effectifs /
_cJoseph Reinach.
260 _aParis :
_b[s.n.],
_c1913.
300 _a299 p. ;
_c19 x 13 cm.
490 1 _aCahiers de la quinzaine. Série 15e ;
_v3
650 4 _aFuerzas armadas-
_zFrancia.
_913004
650 4 _aDerecho militar-
_zFrancia.
_9173507
830 1 0 _aCahiers de la quinzaine
_v3
_9219092
852 _aES-MaACL
_jG-1078
999 _c126079
_d126079